| 000 | 00369nam a22001457a 4500 | ||
|---|---|---|---|
| 020 | _qPB. | ||
| 040 | _cFIZZA ISHAQ | ||
| 082 |
_a690.27 _bJAM |
||
| 100 |
_aRANSON, BILL DOUGHAS JAMES. _986518 |
||
| 245 |
_aUNDERSTANDING BUILDING FAILURES / _cJAMES DOUGHAS BILL RANSON. |
||
| 250 | _a4th ED. | ||
| 260 |
_aNEW YORK : _c2013. |
||
| 300 | _a326 P. ; | ||
| 942 |
_2ddc _cBK |
||
| 999 |
_c587365 _d587365 |
||